Statistics for This is Australia - Pictures

Click here to take the quiz!

General Stats

  • This quiz has been taken 20 times
  • The average score is 17 of 20

Answer Stats

Answer % Correct
Koala
100%
Vegemite
100%
Sydney Opera House
100%
Uluru / Ayers Rock
100%
Emu
100%
Kangaroo
100%
Boomerang
100%
Melbourne
94%
Great Barrier Reef
94%
Platypus
89%
Tasmanian Devil
89%
Sydney Harbour Bridge
89%
Meat Pie
78%
Great White Shark
78%
Echidna / Spiny
72%
Murray River
72%
Cassowary
67%
Aussie Rules Football
67%
Holden / Torana
61%
Kalgoorlie Gold Mine
50%

Score Distribution

Percentile by Number Answered

Percent of People with Each Score

Your Score History

You have not taken this quiz